01999nam a22002657a 450000500170000000800410001704000650005804100080012324500510013126000600018230000460024250004210028850803370070951101640104652001380121054600220134865100300137065100480140065100350144870000310148371000310151471000200154576500180156585601500158320140508204228.0130718s2000 xxu g q mleng d aCO-BoUCMbspacOscar Anaya (modificó)dAldemar Mondragón aeng00aTrece díascRoger Donaldson, directorh[DVD] aWashington D.C. (Estados Unidos)bNew Line Cinemac2000 a1 DVD, 147 minutosbimagen, sonido, color aSINOPSIS: Crisis de los misiles de Cuba. En octubre de 1962, una serie de fotografías aéreas de Cuba, obtenidas por el ejército norteamericano, revelaron que los soviéticos estaban instalando en la isla armas nucleares que podrían alcanzar gran parte de los Estados Unidos. Para obligar a la URSS a desmantelar los misiles, el presidente John F. Kennedy y sus colaboradores decidieron el bloqueo de la isla aCRÉDITOS: Dirigida por Roger Donaldson ; escrita por David Self ; producida por Marc Abraham ; música por Trevor Jones ; fotografía por Andrzej Bartkowiak ; diseño de producción por Dennis Washington ; dirección de arte por Ann Harris y Thomas T. Taylor ; ambientación por Denise Pizzini ; vestuario por Isis Mussenden0 aREPARTO: Kevin Costner, Bruce Greenwood, Steven Culp, Dylan Baker, Michael Fairman, Henry Strozier, Stephanie Romanov, Kevin Conway, Shawn Driscoll, Drake Cook aBasada en el libro "The Kennedy Tapes - Inside the White House During the Cuban Missile Crisis" de Ernest R. May y Philip D. Zelikow  aAudio en inglés 4aCubaxHistoriay1962vDVD 4aCubaxRelaciones exterioreszEstados Unidos 4aPelículas cinematográficas1 aDonaldson, Rogeredirector2 aBeacon Pictures Production2 aNew Line Cinema0 tThirteen Days40uhttp://www.youtube.com/watch?v=q_G37_7FnHczSiga este enlace para ver el trailerzTrailer tomado del canal zuguidemovietrailers vía YouTube.com